书目信息 |
| 题名: |
天边有颗蔚蓝的雨
|
|
| 作者: | 王利峰 著 | |
| 分册: | ||
| 出版信息: | 北京 应急管理出版社 2022.01 |
|
| 页数: | 193页 | |
| 开本: | 24cm | |
| 丛书名: | ||
| 单 册: | ||
| 中图分类: | I227.1 | |
| 科图分类: | ||
| 主题词: | 新诗--xin shi--诗集--中国--当代 | |
| 电子资源: | ||
| ISBN: | 978-7-5020-8538-4 | |
| 000 | 00718nam0 2200217 450 | |
| 001 | 011025153035 | |
| 005 | 20221025153035.0 | |
| 010 | @a978-7-5020-8538-4@dCNY58.00 | |
| 100 | @a20201004d2022 em y0chiy0110 ea | |
| 101 | 0 | @achi |
| 102 | @aCN@b110000 | |
| 105 | @ay z 000gy | |
| 106 | @ar | |
| 200 | 1 | @a天边有颗蔚蓝的雨@Atian bian you ke wei lan de yu@f王利峰著 |
| 210 | @a北京@c应急管理出版社@d2022.01 | |
| 215 | @a193页@d24cm | |
| 330 | @a本书分为四辑:故乡微尘、时光无涯、青春流岚、杏坛繁花,具体内容涉及:秋天的树;太阳花;救赎;露水;立夏;小暑等篇目。 | |
| 606 | 0 | @a新诗@Axin shi@x诗集@y中国@z当代 |
| 690 | @aI227.1@v5 | |
| 701 | 0 | @a王利峰@Awang li feng@4著 |
| 905 | @a河南城建学院图书馆@dI227.1@eW251 | |
| 天边有颗蔚蓝的雨/王利峰著.-北京:应急管理出版社,2022.01 |
| 193页;24cm |
| ISBN 978-7-5020-8538-4:CNY58.00 |
| 本书分为四辑:故乡微尘、时光无涯、青春流岚、杏坛繁花,具体内容涉及:秋天的树;太阳花;救赎;露水;立夏;小暑等篇目。 |
| ● |
| 相关链接 |
|
|
|
正题名:天边有颗蔚蓝的雨
索取号:I227.1/W251
 
预约/预借
| 序号 | 登录号 | 条形码 | 馆藏地/架位号 | 状态 | 备注 |
| 1 | 1586404 | 215864045 | 文学库108/108文学库 19排2列2层/ [索取号:I227.1/W251] | 在馆 | |
| 2 | 1586405 | 215864054 | 文学库108/108文学库 19排2列2层/ [索取号:I227.1/W251] | 在馆 |